Estados financieros consolidados

Detalles Bibliográficos
Autor principal: Fierro Martn̕ez, ℓngel Mara̕
Formato: eBook
Lenguaje:español
Publicado: Bogot:̀ ECOE, 2014
Materias:
Acceso en línea:Acceso restringido

MARC

LEADER 00000nam a22000007a 4500
005 20190905222055.0
007 cr|||| ||||
008 190905s2014 co |||||s|||| 00||0 spa d
020 |a 978-958-648-990-4 
035 |a 24797 
040 |a vLex 
090 |c 9419  |d 9419 
100 1 |a Fierro Martn̕ez, ℓngel Mara̕ 
245 1 0 |a Estados financieros consolidados  |h [Recurso electrn̤ico] /  |c ℓngel Mara̕ Fierro Martn̕ez 
256 |a Servicio en ln̕ea 
260 |a Bogot:̀  |b ECOE,  |c 2014 
300 |a 1 recurso electrn̤ico 
506 1 |a Disponible solo en los productos indicados  |d vLex Global  |d vLex Global (Academic Edition, excluding Law Schools)  |d vLex Global (U.S. Academic Edition, Law Schools)  |d vLex Global (U.S. Academic Edition, excluding Law Schools)  |d vLex Global (Academic Edition, Law Schools) 
650 0 4 |a Contabilidad  |z Colombia 
740 0 |a vLex Libros (Servicio en ln̕ea) 
856 4 0 |u http://vlex.com/source/estados-financieros-consolidados-24797  |z Acceso restringido 
942 |c BOOK 
999 0 |a Accounting